UBT Library

Biology of plants / (Record no. 40099)

000 -LEADER
fixed length control field 00568nam a2200217 a 4500
001 - CONTROL NUMBER
control field 4191495
005 - DATE AND TIME OF LATEST TRANSACTION
control field 20180111064730.0
008 - FIXED-LENGTH DATA ELEMENTS--GENERAL INFORMATION
fixed length control field 811105s1981 nyua b 001 0 eng
010 ## - LIBRARY OF CONGRESS CONTROL NUMBER
LC control number 80054233
020 ## - INTERNATIONAL STANDARD BOOK NUMBER
International Standard Book Number 0879011327
040 ## - CATALOGING SOURCE
Original cataloging agency DLC
Transcribing agency DLC
Modifying agency DLC
041 ## - LANGUAGE CODE
Language code of text/sound track or separate title eng
080 ## - UNIVERSAL DECIMAL CLASSIFICATION NUMBER
Universal Decimal Classification number 581 RAV
082 00 - DEWEY DECIMAL CLASSIFICATION NUMBER
Classification number 581 RAV
Edition number 19
100 1# - Rafti
Rafti 11
101 ## - Shkurtesa
Shkurtesa BIO
245 10 - TITLE STATEMENT
Title Biology of plants /
Statement of responsibility, etc Peter H. Raven, Ray F. Evert, Helena Curtis.
504 ## - BIBLIOGRAPHY, ETC. NOTE
Bibliography, etc Includes bibliographies and index.
906 ## - LOCAL DATA ELEMENT F, LDF (RLIN)
a 7
b cbc
c orignew
d 2
e ocip
f 19
g y-gencatlg
942 ## - ADDED ENTRY ELEMENTS (KOHA)
Source of classification or shelving scheme
Item type Books
Holdings
Withdrawn status Lost status Source of classification or shelving scheme Damaged status Not for loan Collection code Permanent location Current location Shelving location Date acquired Total Checkouts Full call number Barcode Date last seen Price effective from Koha item type
          Koleksioni i përgjithshem UBT - Lipjan UBT - Lipjan Koleksioni i përgjithshem 01/11/2018   581 RAV 00 2-29 948 83 01/11/2018 01/11/2018 Books
UBT Library © 2015-2024. All rights reserved University Education for Business and Technology